| 000 | 00666cam a22002171 4500 | ||
|---|---|---|---|
| 001 | 1234407 | ||
| 005 | 20190327164509.0 | ||
| 008 | 710517s1961 ke 000 0 eng | ||
| 010 | _a 68106854 | ||
| 040 |
_aDLC _cDLC _dDLC |
||
| 050 | 0 | 0 |
_aDT434 _b.E24 1961 |
| 100 | 1 | _aOrchardson, Ian Q. | |
| 245 | 0 | 4 |
_aThe Kipsigis, _cby Ian Q. Orchardson. |
| 250 |
_aAbridged, edited, and partly re-written _bby A. T. Matson. |
||
| 260 |
_aNairobi, _bEast African Literature Bureau, _c1961. |
||
| 300 |
_a141 p. _c22 cm. |
||
| 650 | 0 | _aKipsigis (African people) | |
| 700 | 1 |
_aMatson, A. T., _eed. |
|
| 906 |
_a7 _bcbc _corignew _du _encip _f19 _gy-gencatlg |
||
| 942 |
_2lcc _cBK |
||
| 999 |
_c22639 _d22639 |
||